| 000 | 00631nam a2200193Ia 4500 | ||
|---|---|---|---|
| 003 | IN-BaIIA | ||
| 008 | 211028s9999 xx 000 0 eng d | ||
| 020 | _a0-19-850719-4 | ||
| 040 | _cIIA Library | ||
| 080 |
_a539.1 _bPIT |
||
| 100 |
_aPitaevskii, Lev _930351 |
||
| 245 | 0 |
_aBose-Einstein condensation _cLev Pitaevskii and Sandro Stringari |
|
| 260 |
_aOxford _bClarendon Press _c2003 |
||
| 300 | _ax, 382p. | ||
| 490 | _aInternational series of monographs on physics; v. 116 | ||
| 650 |
_aBose - Einstein condensation _920869 |
||
| 700 |
_aStringari, Sandro _930352 |
||
| 942 | _cBK | ||
| 999 |
_c16379 _d16379 |
||